UBT Library

Developmental Language Programing For The Retaeded (Record no. 48614)

000 -LEADER
fixed length control field 00299nam a22001217a 4500
008 - FIXED-LENGTH DATA ELEMENTS--GENERAL INFORMATION
fixed length control field 180927b xxu||||| |||| 00| 0 eng d
041 ## - LANGUAGE CODE
Language code of text/sound track or separate title eng
080 ## - UNIVERSAL DECIMAL CLASSIFICATION NUMBER
Universal Decimal Classification number 370
100 ## - Rafti
Rafti 48
101 ## - Shkurtesa
Shkurtesa EDU
245 ## - TITLE STATEMENT
Title Developmental Language Programing For The Retaeded
Statement of responsibility, etc Rolland.J.V.H
942 ## - ADDED ENTRY ELEMENTS (KOHA)
Source of classification or shelving scheme
Item type Books
Holdings
Withdrawn status Lost status Source of classification or shelving scheme Materials specified (bound volume or other part) Damaged status Not for loan Collection code Permanent location Current location Shelving location Date acquired Total Checkouts Full call number Barcode Date last seen Price effective from Koha item type
      2018-09-27     Koleksioni i përgjithshem UBT - Lipjan UBT - Lipjan Koleksioni i përgjithshem 09/27/2018   370 ROL 002-3013752 09/27/2018 09/27/2018 Books
UBT Library © 2015-2024. All rights reserved University Education for Business and Technology